Twelve red herrings / (Record no. 10621)

MARC details
000 -LEADER
fixed length control field 01192pam a2200301 a 4500
001 - CONTROL NUMBER
control field 4432479
003 - CONTROL NUMBER IDENTIFIER
control field EG-ScBUE
005 - DATE AND TIME OF LATEST TRANSACTION
control field 20220203102038.0
008 - FIXED-LENGTH DATA ELEMENTS--GENERAL INFORMATION
fixed length control field 940322s1994 enk f 000 1 eng d
020 ## - INTERNATIONAL STANDARD BOOK NUMBER
International Standard Book Number 9780330419062
020 ## - INTERNATIONAL STANDARD BOOK NUMBER
International Standard Book Number 0330419064
040 ## - CATALOGING SOURCE
Original cataloging agency DLC
Language of cataloging eng
Description conventions rda
Transcribing agency DLC
Modifying agency DLC
-- EG-ScBUE
082 04 - DEWEY DECIMAL CLASSIFICATION NUMBER
Classification number 823.914
Item number ARC
Edition number 22
100 1# - MAIN ENTRY--PERSONAL NAME
Personal name Archer, Jeffrey,
Dates associated with a name 1940-
Relator term author.
9 (RLIN) 40709
245 10 - TITLE STATEMENT
Title Twelve red herrings /
Statement of responsibility, etc Jeffrey Archer.
264 #1 - PUBLICATION, DISTRIBUTION, ETC. (IMPRINT)
Place of publication, distribution, etc London :
Name of publisher, distributor, etc Pan Macmillan Ltd,
Date of publication, distribution, etc 1994.
300 ## - PHYSICAL DESCRIPTION
Extent 405 pages ;
Dimensions 24 cm
336 ## - CONTENT TYPE
Source rdacontent
Content type term text
Content type code txt
337 ## - MEDIA TYPE
Source rdamedia
Media type term unmediated
Media type code n
338 ## - CARRIER TYPE
Source rdacarrier
Carrier type term volume
Carrier type code nc
505 0# - FORMATTED CONTENTS NOTE
Formatted contents note Trial and error -- Cheap at half the price -- Dougie Mortimer's right arm -- Do not pass go -- Chunnel vision -- Shoeshine boy -- You'll never live to regret it -- Never stop on the motorway -- Not for sale -- Timeo Danaos-- -- An eye for an eye -- One man's meat-- .
650 #7 - SUBJECT ADDED ENTRY--TOPICAL TERM
Topical term or geographic name as entry element Short stories, English.
Source of heading or term BUEsh
651 ## - SUBJECT ADDED ENTRY--GEOGRAPHIC NAME
Source of heading or term BUEsh
653 ## - INDEX TERM--UNCONTROLLED
Resource For college Humanities: English
Arrived date list February2022
655 ## - INDEX TERM--GENRE/FORM
Form subdivision Reading book
9 (RLIN) 34232
942 ## - ADDED ENTRY ELEMENTS (KOHA)
Source of classification or shelving scheme Dewey Decimal Classification
Koha item type Book - Borrowing
Holdings
Withdrawn status Lost status Source of classification or shelving scheme Damaged status Not for loan Collection code Home library Current library Shelving location Date acquired Source of acquisition Cost, normal purchase price Serial Enumeration / chronology Total Checkouts Total Renewals Full call number Barcode Date last seen Date checked out Price effective from Koha item type
    Dewey Decimal Classification     Alahram Central Library Central Library Second Floor 03/02/2009   75.50 06453 3 1 823.914 ARC 000014601 15/07/2025 12/12/2012 03/02/2009 Book - Borrowing